working on the quality of working life (Record no. 9030)

MARC details
000 -LEADER
fixed length control field 00392nam a22001697a 4500
003 - CONTROL NUMBER IDENTIFIER
control field OSt
005 - DATE AND TIME OF LATEST TRANSACTION
control field 20211004144336.0
008 - FIXED-LENGTH DATA ELEMENTS--GENERAL INFORMATION
fixed length control field 211004b |||||||| |||| 00| 0 eng d
020 ## - INTERNATIONAL STANDARD BOOK NUMBER
International Standard Book Number 0898380014
040 ## - CATALOGING SOURCE
Transcribing agency hu
082 ## - DEWEY DECIMAL CLASSIFICATION NUMBER
Classification number 301.4442
100 ## - MAIN ENTRY--PERSONAL NAME
Personal name elden
9 (RLIN) 9667
245 ## - TITLE STATEMENT
Title working on the quality of working life
260 ## - PUBLICATION, DISTRIBUTION, ETC.
Place of publication, distribution, etc. new werk
Name of publisher, distributor, etc. hall
Date of publication, distribution, etc. 1979
300 ## - PHYSICAL DESCRIPTION
Extent 367
942 ## - ADDED ENTRY ELEMENTS (KOHA)
Source of classification or shelving scheme Dewey Decimal Classification
Koha item type Books like text book referance book
Suppress in OPAC No
Holdings
Withdrawn status Lost status Source of classification or shelving scheme Damaged status Not for loan Home library Current library Shelving location Date acquired Total Checkouts Full call number Barcode Date last seen Copy number Price effective from Koha item type
    Dewey Decimal Classification     Social Library Social Library General Stacks 10/04/2021   301.4442 SHLIB 00001681 10/04/2021 1 10/04/2021 Books like text book referance book